| 000 | 00985nam a2200265 i 4500 | ||
|---|---|---|---|
| 001 | 000026988 | ||
| 003 | DO-SdBNP | ||
| 005 | 20250717074016.0 | ||
| 007 | ta | ||
| 008 | 110328s1986 dr c 000 0 spa d | ||
| 040 |
_aDO-SdBNP _bspa _cBNPHU _erda |
||
| 041 | _hspa | ||
| 082 | 4 |
_axxx _bP171s _222 |
|
| 245 | 0 | 0 |
_aPalma sola.... desdes el sol, hasta el ocaso : _bun aporte bibliográficos a su estudio / _ccompilado por Ana Marina Méndez ; prólogo, Lusitania Martínez. |
| 260 | 4 |
_aSanto Domingo : _bBiblioteca Nacional Pedro Henríquez Ureña,(BNPHU), _c©1986. |
|
| 300 |
_a152 páginas : _bil, retratos ; _c22 cm. |
||
| 336 |
_atexto _btxt _2rdacontent |
||
| 337 |
_asin mediación _bn _2rdamedia |
||
| 338 |
_avolumen _bnc _2rdacarrier |
||
| 490 | 0 | _aColección Orfeo | |
| 700 | 1 |
_aMéndez, Ana Marina, _ecompilador _937560 _4comp. |
|
| 700 | 1 |
_aMartínez, Lusitania, _eprologuista _4pr. _92860 |
|
| 710 | 2 |
_aBiblioteca Nacional Pedro Henríquez Ureña _981292 |
|
| 942 |
_2ddc _cLBS1 |
||
| 999 |
_c26480 _d26480 |
||